L'analyse des organisations : une anthropologie sociologique
Αποθηκεύτηκε σε:
| Άλλοι συγγραφείς: | , |
|---|---|
| Μορφή: | Βιβλίο |
| Γλώσσα: | French |
| Δημοσίευση: |
Mondreal :
Gaetan Morin,
1987.
|
| Θέματα: | |
| Ετικέτες: |
Προσθήκη ετικέτας
Δεν υπάρχουν, Καταχωρήστε ετικέτα πρώτοι!
|
MARC
| LEADER | 00000cam a2200000 i 4500 | ||
|---|---|---|---|
| 001 | 1/715 | ||
| 008 | 950705s1987 fr | ||| |||| ||fre|| | ||
| 020 | |a 2891052501 | ||
| 035 | |l 10014179 | ||
| 040 | |a GR-MyUa |b gre |e AACR2 | ||
| 041 | 0 | |a fre | |
| 082 | 7 | |a 302.35 |2 (22) | |
| 245 | 0 | 2 | |a L'analyse des organisations : |b une anthropologie sociologique / |c texte chois et presents par Jean-Francois Chanlat, Francine Seguin. |
| 260 | |a Mondreal : |b Gaetan Morin, |c 1987. | ||
| 300 | |a 508 σ. ; |c 23 εκ. | ||
| 505 | 8 | |a Τ. 2. Les composantes de l'organisation. | |
| 650 | 0 | 0 | |a Organization. |
| 650 | 0 | 0 | |a Organizational sociology. |
| 700 | 1 | |a Chanlat, Jean-Francois, |d 1950- |e edt | |
| 700 | 1 | |a Seguin, Francine, |e edtf | |
| 852 | |a INST |b LESVOS |e 19950705 |h 302.35 COM |p 005100007995 |q 005100007995 |t BK |y 0 |z v.2 | ||
| 852 | |a INST |b LESVOS |e 19950705 |h 302.35 COM |p 005100007995 |q 005100007995 |t BK |v τ.2: |y 0 |z v.2 | ||
| 853 | |a INST |b LESVOS |h 302.35 COM | ||